| 000 | 00389nam a2200145Ia 4500 | ||
|---|---|---|---|
| 008 | 210210b1973 xxu||||| |||| 00| 0 eng d | ||
| 082 | _a650.1 PARI | ||
| 100 | _aPARKINSON (C Northcote). | ||
| 245 | _aIncentives and penalties. | ||
| 260 |
_aBombay. _bJaico Publishing House, _c1973 |
||
| 300 | _ax,103 | ||
| 650 | _aIncentives Penalties | ||
| 690 | _aBusiness Studies | ||
| 906 | _a034675 | ||
| 999 |
_c85440 _d85440 |
||